00909cam a2200253 a 45000010005000000030008000050050017000130080039000300350028000690400032000970410008001290820027001371000016001642450095001802600036002753000029003114900076003405040062004166510040004786510042005186510038005606510040005987000017006382584BD-RjUL20211208233602.0131212s1967 enkb b 001 0 eng a(BD-RjUL)2611a67-78004 aDLCcAKRdm.cdBD-RjULbeng aeng04220a338.958 bNOS 19671 aNove, Alec.14aThe Soviet Middle East:ba communist model for development /cby Alec Nove and J.A. Newth. aLondon :bAllen & Unwin,c1967. a160 p. :bill. ;c23 cm. aPraeger publications in Russian history and world communism, vno. 183. aIncludes bibliographical references (p. [154]) and index. 0aAsia, CentralxEconomic conditions. 0aCaucasus, SouthxEconomic conditions. 0aAsia, CentralxSocial conditions. 0aCaucasus, SouthxSocial conditions.1 aNewth, J. A.